| 000 | 00571nam a2200193Ia 4500 | ||
|---|---|---|---|
| 003 | IN-BaIIA | ||
| 008 | 211028s9999 xx 000 0 eng d | ||
| 020 | _a0-7167-1993-2 | ||
| 040 | _cIIA Library | ||
| 080 |
_a524.3 _bCOL |
||
| 100 |
_aCollins, G. W. _916442 |
||
| 245 | 4 |
_aThe fundamentals of stellar astrophysics _cG. W. Collins |
|
| 260 |
_aNew York _bW. H. Freeman _c1989 |
||
| 300 | _axxii, 494p. | ||
| 650 | _aAstronomy and astrophysics thesaurus | ||
| 650 |
_aAstrophysics _9794 |
||
| 650 | _aStars | ||
| 942 | _cBK | ||
| 999 |
_c9721 _d9721 |
||